Náklady na daňový systém Svět daní. 3
Druhy nákladov súvisiace s existenciou daní. Nadmerné bremeno. Dôchodkový a substitučný efekt nadmerného bremena daní. Veľkosť nadmerného bremena. Negatívna strata mŕtvej váhy.
Na minha lista:
| Autor principal: | |
|---|---|
| Formato: | Capítulo de Livro |
| Idioma: | tcheco |
| Assuntos: | |
| Tags: |
Sem tags, seja o primeiro a adicionar uma tag!
|
MARC
| LEADER | 00000naa a2200000 4500 | ||
|---|---|---|---|
| 001 | r025977 | ||
| 005 | 20230920093655.6 | ||
| 041 | 0 | |a cze | |
| 044 | |a CZ | ||
| 245 | 1 | 0 | |a Náklady na daňový systém |b Svět daní. 3 |c Květa Kubátová |
| 520 | |a Druhy nákladov súvisiace s existenciou daní. Nadmerné bremeno. Dôchodkový a substitučný efekt nadmerného bremena daní. Veľkosť nadmerného bremena. Negatívna strata mŕtvej váhy. | ||
| 610 | 2 | 0 | |a dane |
| 610 | 2 | 0 | |a náklady |
| 100 | 1 | |a Kubátová, Květa | |